The role of product innovations in creating competitive advantage : (Record no. 15380)
[ view plain ]
| 000 -LEADER | |
|---|---|
| fixed length control field | 00692cam a22001812 4500 |
| 001 - CONTROL NUMBER | |
| control field | 0000023443 |
| 005 - DATE AND TIME OF LATEST TRANSACTION | |
| control field | 20151217161557.0 |
| 008 - FIXED-LENGTH DATA ELEMENTS--GENERAL INFORMATION | |
| fixed length control field | 121129s xx 000 0 eng d |
| 100 1# - MAIN ENTRY--PERSONAL NAME | |
| Personal name | Chemitei, Leah Jeruto. |
| -- | 0000182836 |
| 245 14 - TITLE STATEMENT | |
| Title | The role of product innovations in creating competitive advantage : |
| Remainder of title | a case of microfinance institutions in Nakuru town / |
| Statement of responsibility, etc. | Leah Jeruto Chemitei. |
| 260 ## - PUBLICATION, DISTRIBUTION, ETC. (IMPRINT) | |
| Place of publication, distribution, etc. | Nakuru : |
| Name of publisher, distributor, etc. | Kabarak University, |
| Date of publication, distribution, etc. | 2012. |
| 300 ## - PHYSICAL DESCRIPTION | |
| Extent | ix, 64leaves + |
| Accompanying material | 1 CD-ROM. |
| 502 ## - DISSERTATION NOTE | |
| Dissertation note | Thesis (MBA) - Kabarak University, 2012. |
| 650 #0 - SUBJECT ADDED ENTRY--TOPICAL TERM | |
| Topical term or geographic name as entry element | Microfinance |
| General subdivision | management. |
| Geographic subdivision | Kenya. |
| -- | 0000182837 |
| 908 ## - PUT COMMAND PARAMETER (RLIN) | |
| Put command parameter | 121129 |
| 950 ## - LOCAL HOLDINGS (RLIN) | |
| -- | 1 |
| Withdrawn status | Lost status | Source of classification or shelving scheme | Not for loan | Home library | Current library | Date acquired | Total Checkouts | Total Renewals | Full call number | Barcode | Date last seen | Date last checked out | Price effective from | Koha item type | Shelving location | Copy number |
|---|---|---|---|---|---|---|---|---|---|---|---|---|---|---|---|---|
| Library of Congress Classification | Kabarak, Main Campus | Kabarak, Main Campus | 17/12/2015 | 5 | 1 | HG178.33 K46C44 2012 | 014146 | 09/03/2018 | 09/03/2018 | 17/12/2015 | Thesis, Dissertation and Projecs | |||||
| Library of Congress Classification | Kabarak, Main Campus | Kabarak, Main Campus | 27/09/2016 | HG 178.33 .K46C44 2012 C.1 | 016531 | 27/09/2016 | 27/09/2016 | Thesis, Dissertation and Projecs | Reserve Collection | C.1 |